|
|
|
|
| LEADER |
00931nam a2200277 4500 |
| 001 |
DLU090090842 |
| 005 |
##20090526 |
| 040 |
# |
# |
|a DLU
|b vie
|
| 041 |
# |
# |
|a vie
|
| 044 |
# |
# |
|a vn
|
| 100 |
# |
# |
|a Nguyễn Duy Gia,
|c GS.TS.
|
| 245 |
# |
# |
|a Tiếp tục cải cách nền hành chính xây dựng, hoàn thiện nhà nước Cộng hòa XHCN Việt Nam đáp ứng yêu cầu công nghiệp hóa, hiện đại hóa /
|c Nguyễn Duy Gia.
|
| 653 |
# |
# |
|a Cải cách
|
| 653 |
# |
# |
|a Hành chính xây dựng
|
| 653 |
# |
# |
|a Hoàn thiện
|
| 653 |
# |
# |
|a Nhà nước Cộng hòa XHCN Việt Nam
|
| 773 |
# |
# |
|t Quản lý nhà nước
|g Số 5, 1997, tr. 7-12
|
| 920 |
# |
# |
|a Phòng Tạp chí -- Trung tâm Thông tin - Thư viện Trường Đại học Đà Lạt
|
| 994 |
# |
# |
|a DLU
|
| 900 |
# |
# |
|a True
|
| 911 |
# |
# |
|a Nguyễn Thị Mai Anh
|
| 925 |
# |
# |
|a G
|
| 926 |
# |
# |
|a A
|
| 927 |
# |
# |
|a BB
|
| 980 |
# |
# |
|a Thư viện Trường Đại học Đà Lạt
|